00301nam a22001217a 4500003000400000008004100004100001500045245003500060250000900095260003300104300000900137650003300146OSt200710b ||||| |||| 00| 0 eng d aBhise ,S B aHuman Anatomy & Physiology -11 a2019 aNew DelhibNIrali Publisher a8.14 aHuman Anatomy and Physiology